000 00454nam a2200169Ia 4500
008 210210b1996 xxu||||| |||| 00| 0 eng d
020 _a81 259 0107 8
082 _a616.94 KALA
100 _aKALRA (R M)
245 _aAdolescents and AIDS: a new generation at risk.
260 _aDelhi
_bVikas Publishing House Pvt Ltd.
_c1996
300 _axviii,141
650 _aAdolescents Aids
690 _aDiseases
700 _aKALRA (S).
906 _a052243
999 _c100506
_d100506